000 00757nam a2200265 4500
003 Ost
005 20260601193525.0
008 260417b20001999spa||||| |||| 00| 0 spa d
020 _a2880463882
040 _aICI
_bspa
_cICI
041 _aspa
050 _aP93.5
_bB65
100 1 _aBonnici, Peter,
_935616
245 1 _aVisual language :
_bthe hidden medium communication /
_cPeter Bonnici
264 _bRotovision,
_cc1999
_aSwitzerland :
300 _a160 pƔginas
_bilustraciones
336 _atexto
_2rdacontent
337 _asin medio
_2rdamedia
338 _avolumen
_2rdacarrier
490 0 _aDesign fundamentals
500 _aLIBRO ESPECIAL
650 _aComunicación visual
_935617
650 _aLenguaje y lenguas
_935618
942 _2lcc
_cB
999 _c21151
_d21151